Music Quiz

Random Music or Year Quiz

Artist by Debut Single 1960-2010 (Clips) Quiz Stats

Quiz Updated Aug 5, 2017

Challenge
Share
Tweet
Score 0/51 Timer 17:00
0 Plays Today
Year (Time) Artist % Correct
1962 (0:20)The Beatles
84.3%
1996 (6:00)Spice Girls
82.6%
1961 (0:10)The Beach Boys
81.6%
1982 (3:40)Madonna
79.3%
2007 (7:50)Adele
77.1%
1998 (6:20)Eminem
75.1%
2008 (8:00)Lady Gaga
72.2%
1973 (2:10)Aerosmith
71.4%
1965 (0:50)The Mamas & the Papas
71%
2002 (7:00)Avril Lavigne
70.9%
1985 (4:10)Beastie Boys
69.9%
2004 (7:20)The Killers
68.8%
1972 (2:00)Michael Jackson
68.1%
1990 (5:00)Mariah Carey
68%
1997 (6:10)Destiny's Child
67.8%
1966 (1:00)The Jimi Hendrix Experience
66.6%
1991 (5:10)Pearl Jam
60.3%
1976 (2:40)Sex Pistols
58.1%
1978 (3:00)Dire Straits
56.7%
1995 (5:50)Jay-Z
56.7%
1979 (3:10)The Knack
55.7%
1963 (0:30)The Rolling Stones
54.4%
1992 (5:20)Rage Against the Machine
53.8%
2009 (8:10)Mumford & Sons
53.3%
1994 (5:40)Oasis
53.2%
1988 (4:40)Nirvana
52.2%
Year (Time) Artist % Correct
2010 (8:20)Foster the People
49.5%
2006 (7:40)Lily Allen
47%
1977 (2:50)The Clash
45.3%
1983 (3:50)The Smiths
43.7%
1970 (1:40)Black Sabbath
43.1%
2000 (6:40)P!nk
42.1%
1971 (1:50)Bill Withers
41.3%
2003 (7:10)Kanye West
36.9%
2005 (7:30)Arctic Monkeys
35.9%
1981 (3:30)R.E.M.
32.3%
1964 (0:40)The Zombies
31.4%
1987 (4:30)Guns N' Roses
29.5%
2001 (6:50)The Strokes
29.4%
1999 (6:30)Coldplay
24.8%
1969 (1:30)The Stooges
23.6%
1967 (1:10)Pink Floyd
23.1%
1993 (5:30)OutKast
22.5%
1984 (4:00)Red Hot Chili Peppers
21.5%
1986 (4:20)Poison
20.1%
1989 (4:50)Nine Inch Nails
19.9%
1980 (3:20)U2
18.7%
1960 (0:00)Ike & Tina Turner
13.8%
1968 (1:20)Elton John
13.8%
1974 (2:20)Kiss
13.3%
1975 (2:30)Journey
5.2%

You're not logged in!

Compare scores with friends on all Sporcle quizzes.
Sign Up with Email
OR
Log In

You Might Also Like...

Show Comments

Extras

Top Quizzes Today


Score Distribution

Your Account Isn't Verified!

In order to create a playlist on Sporcle, you need to verify the email address you used during registration. Go to your Sporcle Settings to finish the process.